000 01150nam a2200325 i 4500
001 179543
003 ES-MaACL
005 20240611121955.0
008 111221s2011 sp |||| |dspa d
080 _a32 Hessel, Stéphane
080 _a316.62:504.06
080 _a35.072.7
100 1 _aHessel, Stéphane.
_9148779
245 1 1 _a¡Comprometeos!
_b: ya no basta con indignarse : conversaciones con Gilles Vanderpooten /
_cStéphane Hessel ; traducción de Rosa Alapont.
250 _a1ª ed., 2 ª imp.
260 _aBarcelona :
_bDestino,
_c2011.
300 _a95 p. ;
_c20 cm.
490 1 _aImago mundi ;
_v206
505 8 _aContiene: Apéndice ;
_tDeclaración Universal de los Derechos Humanos, 1948
650 0 4 _aEcologismo.
_9148948
650 0 4 _aParticipación ciudadana.
_915850
650 4 _aResistencia al gobierno.
_916862
700 1 _aVanderpooten, Gilles.
_9148781
700 1 _aAlapont, Rosa
_919120
740 0 _aDeclaración Universal de los Derechos Humanos.
830 0 0 _aImago mundi (Barcelona) ;
_v206
_9236939
852 _aES-MaACL
_j2310-F-8
942 _2udc
999 _c179543
_d179543